Catalog

Record Details

Catalog Search



Available copies

  • 1 of 1 copy available at LARL/NWRL Consortium.
  • 1 of 1 copy available at Lake Agassiz Regional Library. (Show preferred library)

Current holds

0 current holds with 1 total copy.

Show Only Available Copies
Location Call Number / Copy Notes Barcode Shelving Location Status Due Date
Crookston Public Library J PRE (Text) 33500011813698 Main Available -

Record details

  • ISBN: 9780448461083
  • ISBN: 0448461080
  • Physical Description: 122 p. : illustrations ; 20 cm.
  • Publisher: New York : Grosset & Dunlap, c2013.

Content descriptions

Summary, etc.:
When Sam Dibble decides to run for third grade ... Read More
Subject: Doodles > Fiction.
Schools > Fiction.
Elections > Fiction.
Politics, Practical > Fiction.
JUVENILE FICTION / Readers / Chapter Books.
Doodles > Juvenile fiction.
Schools > Juvenile fiction.
Elections > Juvenile fiction.
Politics, Practical > Juvenile fiction.
Doodles.
Elections
Politics, Practical
Schools.
Genre: Fiction.
Juvenile works.
LDR 02114cam a2200517 a 4500
001161929
003LARL_NWRL_CONSORTIUM
00520140207084747.0
008120703s2013 nyua b 000 1 eng
020 . ‡a9780448461083
020 . ‡a0448461080
035 . ‡a(OCoLC)798437811
042 . ‡apcc ‡alcac
08200. ‡a[E] ‡223
084 . ‡aJUV045000 ‡2bisacsh
1001 . ‡aPress, Judy, ‡d1944- ‡0(LARL_NWRL_CONSORTIUM)114298
24510. ‡aDouble trouble ‡n#2 / ‡cby J. Press ; illustrated by Michael Kline.
260 . ‡aNew York : ‡bGrosset & Dunlap, ‡cc2013.
300 . ‡a122 p. : ‡billustrations ; ‡c20 cm.
4900 . ‡aDoodles of Sam Dibble ; ‡v2
520 . ‡aWhen Sam Dibble decides to run for third grade class president, mainly to keep his nemesis Wax from winning, he will need more than his doodles to convince his classmates that he can be a good leader.
650 1. ‡aDoodles ‡vFiction.
650 1. ‡aSchools ‡vFiction. ‡0(LARL_NWRL_CONSORTIUM)167222
650 1. ‡aElections ‡vFiction. ‡0(LARL_NWRL_CONSORTIUM)168407
650 1. ‡aPolitics, Practical ‡vFiction.
650 7. ‡aJUVENILE FICTION / Readers / Chapter Books. ‡2bisacsh
650 0. ‡aDoodles ‡vJuvenile fiction.
650 0. ‡aSchools ‡vJuvenile fiction. ‡0(LARL_NWRL_CONSORTIUM)167227
650 0. ‡aElections ‡vJuvenile fiction.
650 0. ‡aPolitics, Practical ‡vJuvenile fiction.
650 7. ‡aDoodles. ‡2fast
650 7. ‡2fast ‡aElections ‡0(LARL_NWRL_CONSORTIUM)19106
650 7. ‡2fast ‡aPolitics, Practical ‡0(LARL_NWRL_CONSORTIUM)28517
650 7. ‡aSchools. ‡2fast ‡0(LARL_NWRL_CONSORTIUM)30355
655 7. ‡aFiction. ‡2fast
655 7. ‡aJuvenile works. ‡2fast
7001 . ‡aKline, Michael, ‡eill.
901 . ‡a161929 ‡bOCLC ‡c161929 ‡tbiblio

Additional Resources